000 00353nam a22001577a 4500
005 20251108172621.0
008 250721s9999 xx 000 0 eng d
082 1 4 _aFFOL
100 1 _aFollett, James
245 1 0 _aTrojan /
264 1 _aLondon :
_bMandarion,
300 _a490 p
650 1 7 _aEnglish Fiction
942 _2ddc
_cBK
999 _c84151
_d84151